Loading...
| Fine Arts - Classical Music | 0 | 5 | 0 | 1 | 50 | 15 | 62.60 | 3 | 5 |
| Mythology | 0 | 4 | 0 | 1 | 40 | 50 | 83.50 | 1 | 4 |
| Fine Arts - Other Fine Arts | 0 | 3 | 1 | 0 | 25 | 74 | 92.33 | 2 | 3 |
| Fine Arts - Visual Fine Arts | 0 | 3 | 1 | 1 | 25 | 92 | 113.00 | 1 | 3 |
| Science - Biology | 0 | 1 | 0 | 1 | 10 | 120 | 120.00 | 0 | 1 |
| Science - Chemistry | 0 | 1 | 0 | 0 | 10 | 55 | 55.00 | 1 | 1 |
| History - World History | 0 | 1 | 0 | 0 | 10 | 82 | 82.00 | 0 | 1 |
| History - European History | 0 | 1 | 0 | 0 | 10 | 114 | 114.00 | 0 | 1 |
| History - Other History | 0 | 1 | 0 | 0 | 10 | 71 | 71.00 | 0 | 1 |
| Philosophy | 0 | 1 | 0 | 0 | 10 | 81 | 81.00 | 1 | 1 |
| Social Science | 0 | 0 | 1 | 0 | -5 | 0.00 | 0 | 0 |